Trendy v úprave vody
Vodárenstvo patrí medzi konzervatívne odvetvia, zavádzanie nových technológií v ňom prebieha postupne a relatívne pomaly. V poslednej dobe sa tento charakter vodárenstva mení. Súvisí to s prísnejšími požiadavkami na kvalitu vody, objavovanie sa nových znečisťujúcich látok a mikroorganizmov, ale aj s...
Enregistré dans:
| Auteur principal: | |
|---|---|
| Autres auteurs: | |
| Format: | Chapitre de livre |
| Langue: | slovaque |
| Sujets: | |
| Tags: |
Pas de tags, Soyez le premier à ajouter un tag!
|
MARC
| LEADER | 00000naa$a2200000$$$4500 | ||
|---|---|---|---|
| 001 | 0107233 | ||
| 005 | 20231207140429.6 | ||
| 041 | 0 | |a slo | |
| 044 | |a SK | ||
| 245 | 1 | 0 | |a Trendy v úprave vody |c Karol Munka, Viliam Višacký |
| 520 | |a Vodárenstvo patrí medzi konzervatívne odvetvia, zavádzanie nových technológií v ňom prebieha postupne a relatívne pomaly. V poslednej dobe sa tento charakter vodárenstva mení. Súvisí to s prísnejšími požiadavkami na kvalitu vody, objavovanie sa nových znečisťujúcich látok a mikroorganizmov, ale aj s technickým pokrokom a vývojom nových technológií. Popis už uplatnených nových technológií ako aj perspektívnych postupov, ktoré by sa mali v budúcnosti uplatniť. | ||
| 610 | 2 | 0 | |a vodárenstvo |
| 610 | 2 | 0 | |a voda |
| 610 | 2 | 0 | |a kvalita vody |
| 610 | 2 | 0 | |a technológie nové |
| 100 | 1 | |a Munka, Karol | |
| 700 | 1 | |a Višacký, Viliam | |